[Event "Druzynowe Mistrzostwa Polski Ekstraliga"]
[Site "Gorzow Wlkp. - Wroclaw - Katowice"]
[Date "1899-12-30"]
[Round "8.3"]
[White "Simacek, Pavel"]
[Black "Gajewski, Grzegorz"]
[Result "0-1"]
[WhiteTitle "IM"]
[BlackTitle "GM"]
[WhiteElo "2485"]
[BlackElo "2634"]

1. e4 c5 2. c3 d5 3. exd5 Qxd5 4. d4 g6 5. dxc5 Qxc5 6. Be3 Qc7 7. Na3 Nc6 8. Nb5
Qb8 9. Nf3 Nf6 10. Nbd4 Bg7 11. Bb5 Bd7 12. Ba4 O-O 13. O-O e5 14. Nxc6 Bxc6 15.
Bxc6 bxc6 16. Qe2 e4 17. Nd4 Qc7 18. Rad1 Rfe8 19. Bg5 Nd5 20. Qc4 Rac8 21. Rfe1
h6 22. Bc1 Re5 23. Nc2 Nb6 24. Qf1 Rh5 25. g3 Qe7 26. Qg2 Rd5 27. Nb4 Rxd1 28.
Rxd1 Qe6 29. Re1 f5 30. f3 Re8 31. fxe4 fxe4 32. Be3 Nd7 33. a3 c5 34. Nc2 Qd5
35. Qd2 Qd3 36. Rd1 Ne5 37. Ne1 Qa6 38. Bxc5 Kh7 39. Bd4 Rf8 40. Qg2 Ng4 41. Bc5
Qb5 42. b4 Rf5 43. Rd2 Bxc3 44. Re2 Rxc5 45. bxc5 Qxc5+ 46. Kh1 Bxe1 47. h3 Nf2+
48. Kh2 Qc3 49. Qf1 Nd3 50. Qf7+ Qg7 51. Qe8 Bxg3+ 52. Kxg3 Qc7+ 53. Kg2 Nf4+
54. Kf1 Nxe2 55. Kxe2 Qc2+ 56. Ke3 Qd3+ 57. Kf4 Qf3+ 58. Ke5 Kg7 59. Qa4 Qf6+
60. Kd5 e3 0-1

[Event "Druzynowe Mistrzostwa Polski Ekstraliga"]
[Site "Gorzow Wlkp. - Wroclaw - Katowice"]
[Date "1899-12-30"]
[Round "8.4"]
[White "Miton, Kamil"]
[Black "Kriebel, Tadeas"]
[Result "1/2-1/2"]
[WhiteTitle "GM"]
[BlackTitle "IM"]
[WhiteElo "2618"]
[BlackElo "2473"]

1. d4 Nf6 2. c4 e6 3. Nc3 c5 4. e3 d5 5. Nf3 Nc6 6. a3 cxd4 7. exd4 dxc4 8. Bxc4
Be7 9. O-O O-O 10. Re1 b6 11. Bg5 Bb7 12. Qd3 Rc8 13. Rad1 Nd5 14. Bxd5 Bxg5 15.
Be4 f5 16. Nxg5 Qxg5 17. Bf3 Rfd8 18. Qe2 Qg6 19. Qe3 Kh8 20. h3 Ba8 21. d5 exd5
22. Bxd5 Re8 23. Qf4 Qf6 24. Rxe8+ Rxe8 25. Bf3 g5 26. Qc7 Qe5 27. Rd7 Qe1+ 28.
Kh2 Qe5+ 29. Kg1 Qe1+ 30. Kh2 Qe5+ 31. g3 Qxc7 32. Rxc7 Ne5 33. Bxa8 Rxa8 34.
Nd5 Rf8 35. Rxa7 Nd3 36. Nxb6 Nxf2 37. Ra8 Kg7 38. Rxf8 Kxf8 39. Kg2 Nd3 40. Nc4
Ke7 41. a4 Ke6 42. a5 Nb4 43. Kf3 Kd5 44. b3 Kd4 45. Nd6 Ke5 46. Nb5 Kd5 47. h4
h6 48. h5 Kc5 49. Na3 Nd5 50. Nc4 g4+ 51. Kf2 Kb5 52. Ne3 Nf6 53. b4 Nxh5 54.
Nxf5 Nf6 55. Nxh6 Nd5 56. Nxg4 Nxb4 57. Nf6 Kxa5 58. Ke3 Kb5 59. g4 Kc5 60. Ke4
Kd6 61. Kf5 Nc6 62. g5 Ne7+ 63. Kg4 Ke6 64. Kh5 Kf5 65. Ng4 Kf4 66. Nf6 Kf5 67.
Ne8 Ke6 68. Kh6 Kf7 69. Nd6+ Ke6 70. Ne4 Nf5+ 71. Kg6 Ne7+ 72. Kh6 Nf5+ 73. Kh7
Ne7 74. Ng3 Kf7 75. Nh5 Ke6 1/2-1/2

[Event "Druzynowe Mistrzostwa Polski Ekstraliga"]
[Site "Gorzow Wlkp. - Wroclaw - Katowice"]
[Date "1899-12-30"]
[Round "8.5"]
[White "Sieciechowicz, Marcin"]
[Black "Socko, Bartosz"]
[Result "1/2-1/2"]
[WhiteTitle "IM"]
[BlackTitle "GM"]
[WhiteElo "2409"]
[BlackElo "2583"]

1. d4 Nf6 2. c4 e6 3. Nc3 Bb4 4. e3 O-O 5. Nge2 d5 6. a3 Be7 7. cxd5 exd5 8. Nf4
Re8 9. Bd3 Bd6 10. O-O c6 11. f3 b6 12. Bc2 Bxf4 13. exf4 c5 14. b4 cxb4 15. axb4
Nc6 16. Rb1 a5 17. bxa5 Nxa5 18. f5 Ba6 19. Bd3 Bxd3 20. Qxd3 Nc4 21. Bg5 Ra3
22. Ra1 Qa8 23. Qb1 Rxa1 24. Qxa1 Qc6 25. Qa4 Qxa4 26. Nxa4 b5 27. Nc5 h6 28.
Bxf6 gxf6 29. Rb1 Re2 30. Rxb5 Ne3 31. Rb8+ Kg7 32. Re8 Rxg2+ 33. Kh1 Re2 34.
Nd3 h5 35. Kg1 Rg2+ 36. Kh1 Re2 37. Kg1 Rg2+ 38. Kh1 Re2 39. Kg1 1/2-1/2

[Event "Druzynowe Mistrzostwa Polski Ekstraliga"]
[Site "Gorzow Wlkp. - Wroclaw - Katowice"]
[Date "1899-12-30"]
[Round "8.6"]
[White "Socko, Monika"]
[Black "Sliwicka, Alicja"]
[Result "1-0"]
[WhiteTitle "GM"]
[BlackTitle "WFM"]
[WhiteElo "2481"]
[BlackElo "2178"]

1. d4 d5 2. c4 dxc4 3. e3 e6 4. Nf3 a6 5. Bxc4 c5 6. O-O b5 7. Be2 Bb7 8. dxc5
Qxd1 9. Rxd1 Bxc5 10. a4 b4 11. Nbd2 Nd7 12. Nb3 Bd5 13. Nfd2 Ngf6 14. Nxc5 Nxc5
15. f3 Bc6 16. b3 Nd5 17. Bb2 Rd8 18. Bd4 Nc3 19. Re1 Nxe2+ 20. Rxe2 Nd3 21. Bxg7
Rg8 22. Bf6 Rd7 23. Ne4 Rg6 24. Rc2 Bb7 25. Rd1 Nc5 26. Rxd7 Nxd7 27. Rc7 Nxf6
28. Nd6+ Kd8 29. Rxb7 1-0

[Event "Druzynowe Mistrzostwa Polski Ekstraliga"]
[Site "Gorzow Wlkp. - Wroclaw - Katowice"]
[Date "1899-12-30"]
[Round "8.7"]
[White "Bobras, Piotr"]
[Black "Nasuta, Grzegorz"]
[Result "1/2-1/2"]
[WhiteTitle "GM"]
[BlackTitle "IM"]
[WhiteElo "2529"]
[BlackElo "2454"]

1. e4 c5 2. Nf3 d6 3. d4 cxd4 4. Nxd4 Nf6 5. Nc3 a6 6. Bg5 Nbd7 7. Bc4 Qa5 8. Qd2
e6 9. O-O-O b5 10. Bb3 Bb7 11. Rhe1 O-O-O 12. f3 Be7 13. a3 Kb8 14. Kb1 Rc8 15.
Be3 Rhd8 16. Bf2 Nc5 17. Ba2 Nfd7 18. Nb3 Qc7 19. Qe3 Bf6 20. Nd4 Nb6 21. Bg3
Be7 22. Bf2 g6 23. Rd2 e5 24. Nde2 f5 25. Nd5 Bxd5 26. Bxd5 Nxd5 27. Rxd5 f4 28.
Qd2 Na4 29. Rc1 Qb7 30. Qa5 Rd7 31. b3 Bd8 32. Qd2 Bb6 33. Bxb6 Nxb6 34. Rxd6
Rcd8 35. Rxd7 Qxd7 36. Qxd7 Rxd7 37. Re1 Kc7 38. Kc1 g5 39. Rd1 Rg7 40. h3 h5
41. Nc3 g4 42. hxg4 hxg4 43. Nd5+ Nxd5 44. Rxd5 gxf3 45. gxf3 Rg3 46. Rd3 Rg2
47. Rd5 Rf2 48. Rxe5 Rxf3 49. Rf5 Rf2 50. Kb2 Rf3 51. Rf7+ Kc6 52. b4 Kb6 53.
Rf6+ Kb7 54. c3 Rf2+ 55. Kb3 Rf3 56. Rf7+ Kb6 57. a4 bxa4+ 58. Kxa4 Rxc3 59. Rxf4
Re3 60. Rf6+ Ka7 61. Rf7+ Kb6 62. Re7 Kc6 63. Re6+ Kb7 64. b5 axb5+ 65. Kxb5 Kc7
66. Kc5 Kd7 67. Kd5 Ra3 68. Rb6 Ra5+ 69. Kd4 Ke7 70. Ke3 Rc5 71. Ra6 Rb5 72. Kf4
Rc5 1/2-1/2

[Event "Druzynowe Mistrzostwa Polski Ekstraliga"]
[Site "Gorzow Wlkp. - Wroclaw - Katowice"]
[Date "1899-12-30"]
[Round "8.9"]
[White "Kolosowski, Mateusz"]
[Black "Piesik, Piotr"]
[Result "0-1"]
[WhiteTitle "IM"]
[BlackTitle "FM"]
[WhiteElo "2421"]
[BlackElo "2337"]

1. d4 Nf6 2. Nf3 g6 3. c4 c6 4. e3 Bg7 5. Be2 O-O 6. O-O d6 7. Nc3 Nbd7 8. Qc2
e5 9. dxe5 dxe5 10. Rd1 Qe7 11. b3 e4 12. Nd2 Re8 13. a4 a5 14. Ba3 Nc5 15. b4
axb4 16. Bxb4 Qe5 17. Nf1 Bf5 18. Bxc5 Qxc5 19. Rab1 Re7 20. Ng3 h5 21. h3 Rae8
22. Bf1 h4 23. Nxf5 Qxf5 24. Ne2 Qa5 25. Nd4 Rd7 26. Rb2 Bf8 27. Rdb1 Qe5 28.
Be2 Bd6 29. Kf1 Qh2 30. Ke1 c5 31. Nb3 Qxg2 32. Bf1 Qg5 33. Na5 Bc7 34. Nxb7 Rb8
35. Be2 Qg1+ 36. Bf1 Qg5 37. Be2 Qg1+ 38. Bf1 Rxb7 39. Rxb7 Ba5+ 40. Ke2 Qg5 0-1

[Event "Druzynowe Mistrzostwa Polski Ekstraliga"]
[Site "Gorzow Wlkp. - Wroclaw - Katowice"]
[Date "1899-12-30"]
[Round "8.10"]
[White "Paszewski, Mateusz"]
[Black "Goluch, Piotr"]
[Result "1/2-1/2"]
[WhiteTitle "FM"]
[BlackTitle "FM"]
[WhiteElo "2327"]
[BlackElo "2285"]

1. e4 c5 2. Nf3 a6 3. c4 Nc6 4. d4 cxd4 5. Nxd4 Nf6 6. Nc3 e5 7. Nb3 Bb4 8. Qd3
d6 9. Be2 Be6 10. O-O O-O 11. Nd5 Bxd5 12. cxd5 Nd4 13. Nxd4 exd4 14. a3 Bc5 15.
b4 Bb6 16. Bb2 Re8 17. Bf3 Qe7 18. Bxd4 Bxd4 19. Qxd4 Nxe4 20. Rfe1 f5 21. Bxe4
fxe4 22. Rac1 Qe5 23. Rc4 Qxd4 24. Rxd4 Rac8 25. g3 e3 26. Rxe3 Rxe3 27. fxe3
Rc3 28. Re4 Rxa3 29. Re7 Kf8 30. Rxb7 Rxe3 31. Rd7 Re4 32. Rxd6 Rxb4 33. Rxa6
Rd4 34. Ra5 Rd2 35. h4 Kf7 36. Kf1 Kf6 37. Ke1 Rg2 38. Ra3 Ke5 39. Kf1 Rd2 40.
Ra7 Kf6 41. Rd7 h5 42. d6 g6 43. Rd8 Ke6 44. Rg8 Kf5 45. Rf8+ Ke6 46. Kg1 Ke5
1/2-1/2

[Event "Druzynowe Mistrzostwa Polski Ekstraliga"]
[Site "Gorzow Wlkp. - Wroclaw - Katowice"]
[Date "1899-12-30"]
[Round "8.11"]
[White "Dubinski, Mateusz"]
[Black "Ciesla, Adam"]
[Result "0-1"]
[WhiteTitle "CM"]
[BlackTitle "m"]
[WhiteElo "2275"]
[BlackElo "2278"]

1. d4 g6 2. c4 Bg7 3. Nc3 c5 4. d5 d6 5. e4 e6 6. Nge2 Ne7 7. Bg5 h6 8. Be3 exd5
9. cxd5 a6 10. a4 Nd7 11. Ng3 h5 12. Be2 Ne5 13. h3 h4 14. Nf1 f5 15. Nd2 O-O
16. Bg5 Bf6 17. Bxf6 Rxf6 18. f4 Nf7 19. O-O Bd7 20. Qe1 g5 21. fxg5 Nxg5 22.
Qxh4 Rg6 23. e5 dxe5 24. Nc4 Rg7 25. Nxe5 Ng6 26. Nxg6 Rxg6 27. Kh1 Qf6 28. d6
Bc6 29. Bc4+ Kg7 30. Bd5 Rh8 31. Qe1 Nxh3 32. Rxf5 Nf4+ 33. Kg1 Bxd5 0-1

[Event "Druzynowe Mistrzostwa Polski Ekstraliga"]
[Site "Gorzow Wlkp. - Wroclaw - Katowice"]
[Date "1899-12-30"]
[Round "8.13"]
[White "Dziuba, Marcin"]
[Black "Tomczak, Jacek"]
[Result "1/2-1/2"]
[WhiteTitle "GM"]
[BlackTitle "GM"]
[WhiteElo "2556"]
[BlackElo "2615"]

1. d4 Nf6 2. c4 g6 3. f3 Nc6 4. d5 Ne5 5. e4 d6 6. Nc3 Bg7 7. f4 Ned7 8. Nh3 O-O
9. Be2 e6 10. dxe6 fxe6 11. O-O b6 12. Qc2 Bb7 13. Be3 Nc5 14. Bf3 Nfd7 15. b4
Na6 16. a3 Qe7 17. Rad1 c6 18. Rd2 Rfd8 19. Rfd1 Nf8 20. b5 Nc7 21. e5 dxe5 22.
bxc6 Ba6 23. c5 exf4 24. Nxf4 bxc5 25. Ne4 Bd4 26. Bxd4 Rxd4 27. Rxd4 cxd4 28.
Nc5 Rd8 29. Nxa6 Nxa6 30. a4 Qa3 31. Nd3 Nc7 32. h3 Rb8 33. Qe2 Qd6 34. Ne5 Rb3
35. Qe4 Rb4 36. Qf4 Qe7 37. a5 g5 38. Qg3 Ne8 39. h4 h6 40. h5 Qd6 41. Qe1 Rb5
42. Ng4 Kg7 43. Be4 Qf4 44. Qe2 Rxa5 45. Rf1 Qg3 46. Qb2 Qd6 47. Qf2 Qe7 48. Rb1
Nd6 49. Qxd4+ e5 50. Qc3 Rb5 51. Bd3 Rxb1+ 52. Bxb1 Nb5 53. Qe3 Qd6 54. Qxe5+
Qxe5 55. Nxe5 Ne6 56. Kf2 Nf4 57. g4 Kf6 58. Nc4 Ke5 1/2-1/2

[Event "Druzynowe Mistrzostwa Polski Ekstraliga"]
[Site "Gorzow Wlkp. - Wroclaw - Katowice"]
[Date "1899-12-30"]
[Round "8.14"]
[White "Czarnota, Pawel"]
[Black "Pakleza, Zbigniew"]
[Result "1/2-1/2"]
[WhiteTitle "GM"]
[BlackTitle "GM"]
[WhiteElo "2561"]
[BlackElo "2480"]

1. e4 d6 2. d4 Nf6 3. Nc3 e5 4. Nf3 Nbd7 5. Bc4 Be7 6. O-O O-O 7. Re1 c6 8. a4
a5 9. h3 h6 10. Be3 Re8 11. d5 Nb6 12. Nd2 Nfd7 13. Qf3 Rf8 14. Rad1 Bg5 15. Ba2
Bxe3 16. Rxe3 c5 17. Bc4 Nxc4 18. Nxc4 Nb6 19. Nxb6 Qxb6 20. Qh5 Bd7 21. Rdd3
c4 22. Rg3 cxd3 23. Qxh6 g6 24. Rxg6+ fxg6 25. Qxg6+ Kh8 26. Qh6+ Kg8 27. Qg6+
Kh8 28. Qh6+ Kg8 29. Qg6+ Kh8 30. Qh6+ 1/2-1/2

[Event "Druzynowe Mistrzostwa Polski Ekstraliga"]
[Site "Gorzow Wlkp. - Wroclaw - Katowice"]
[Date "1899-12-30"]
[Round "8.15"]
[White "Jakubiec, Artur"]
[Black "Olszewski, Michal"]
[Result "1/2-1/2"]
[WhiteTitle "GM"]
[BlackTitle "GM"]
[WhiteElo "2500"]
[BlackElo "2551"]

1. e4 c5 2. Ne2 Nf6 3. e5 Nd5 4. d4 e6 5. c4 Nb6 6. Ng3 cxd4 7. Qxd4 Nc6 8. Qe4
Bb4+ 9. Bd2 f5 10. exf6 Bxd2+ 11. Nxd2 Qxf6 12. c5 Nd5 13. Bc4 Qxb2 14. O-O Qxd2
15. Rad1 Qf4 16. Bxd5 O-O 17. Qxf4 Rxf4 18. Be4 Rb8 19. Rd6 b6 20. f3 bxc5 21.
Bxc6 dxc6 22. Ne4 Rf5 23. Rc1 Rd5 24. Rxc6 Bd7 25. Rc7 Rc8 26. Rxa7 Be8 27. Rb1
Rd7 28. Rxd7 Bxd7 29. Rc1 c4 30. Nd6 Rc6 31. Nxc4 e5 32. Rd1 Rxc4 33. Rxd7 Rc1+
34. Kf2 Rc2+ 35. Kg3 Rxa2 36. h4 h5 37. Rd5 Re2 38. Rd7 1/2-1/2

[Event "Druzynowe Mistrzostwa Polski Ekstraliga"]
[Site "Gorzow Wlkp. - Wroclaw - Katowice"]
[Date "1899-12-30"]
[Round "8.16"]
[White "Warakomski, Tomasz"]
[Black "Weichhold, Pawel"]
[Result "1-0"]
[WhiteTitle "GM"]
[BlackTitle "IM"]
[WhiteElo "2511"]
[BlackElo "2428"]

1. e4 c5 2. Nf3 Nc6 3. Bb5 d6 4. O-O Bd7 5. Re1 Nf6 6. a4 g6 7. d3 Bg7 8. Nbd2
O-O 9. Nc4 d5 10. exd5 Nxd5 11. c3 h6 12. a5 Qc7 13. Qa4 Rad8 14. a6 b6 15. Na3
Qd6 16. Qh4 g5 17. Qe4 Na5 18. Nc4 Nxc4 19. Bxc4 Be6 20. Qe2 Nc7 21. h4 g4 22.
Nd2 Rfe8 23. Ne4 Qc6 24. Ng3 b5 25. Bxe6 Qxe6 26. Be3 Rd5 27. Ra5 f5 28. Bf4 Qxe2
29. Rxe2 e5 30. Nxf5 Bf8 31. Nxh6+ Bxh6 32. Bxh6 Re6 33. Bg5 Rxa6 34. Rxa6 Nxa6
35. c4 bxc4 36. dxc4 Rd4 37. Rxe5 Rxc4 38. Re8+ Kf7 39. Re7+ Kg8 40. Rxa7 Nb4
41. Rd7 Re4 42. Bd2 Re3 1-0

[Event "Druzynowe Mistrzostwa Polski Ekstraliga"]
[Site "Gorzow Wlkp. - Wroclaw - Katowice"]
[Date "1899-12-30"]
[Round "8.17"]
[White "Tymrakiewicz, Rafal"]
[Black "Szelag, Marcin"]
[Result "0-1"]
[WhiteTitle "FM"]
[BlackTitle "IM"]
[WhiteElo "2285"]
[BlackElo "2466"]

1. d4 Nf6 2. Bf4 g6 3. Nd2 Bg7 4. c3 d6 5. e3 Nbd7 6. Ngf3 Nh5 7. Bg5 h6 8. Bh4
g5 9. Bg3 e6 10. Bc4 Qe7 11. Nf1 f5 12. N3d2 Ndf6 13. Qc2 Bd7 14. f3 Nxg3 15.
Nxg3 h5 16. O-O-O h4 17. Ne2 O-O-O 18. Rhe1 Kb8 19. Kb1 h3 20. g3 d5 21. Bd3 c5
22. dxc5 Qxc5 23. Nd4 Qb6 24. Qb3 Qxb3 25. N2xb3 b6 26. Bc2 g4 27. f4 Ne8 28.
Nd2 Nd6 29. Bd3 Rc8 30. Rc1 Rhe8 31. Rf1 Kb7 32. Rce1 b5 33. N2b3 Kb6 34. Nd2
a5 35. Rc1 e5 36. Nc2 exf4 37. exf4 Ne4 38. Rcd1 a4 39. Nxe4 fxe4 40. Be2 e3 41.
Rxd5 Bc6 42. Rg5 Bh8 43. f5 Bf3 44. Rg6+ Kc7 45. Bxb5 e2 46. Rc1 Re5 47. Bxa4
Rxf5 48. Re6 Rd8 49. Ne1 Rd2 50. Bc2 Re5 51. Rh6 Re8 52. a4 Be5 53. a5 Rb8 54.
a6 Bxc3 55. Nd3 Rxd3 56. Bxd3 Rxb2+ 57. Ka1 Rc2+ 58. Kb1 Rxc1+ 59. Kxc1 e1=Q+
0-1

[Event "Druzynowe Mistrzostwa Polski Ekstraliga"]
[Site "Gorzow Wlkp. - Wroclaw - Katowice"]
[Date "1899-12-30"]
[Round "8.18"]
[White "Warakomska, Anna"]
[Black "Jakubiec, Edyta"]
[Result "1/2-1/2"]
[WhiteTitle "WIM"]
[BlackTitle "WIM"]
[WhiteElo "2273"]
[BlackElo "2233"]

1. e4 e6 2. d4 d5 3. Nd2 Nc6 4. Ngf3 Nf6 5. e5 Nd7 6. Nb3 a5 7. a4 b6 8. Bb5 Ncb8
9. Qe2 Be7 10. O-O c6 11. Bd3 Ba6 12. c4 dxc4 13. Bxc4 Bxc4 14. Qxc4 Nf8 15. Qc2
Ng6 16. Be3 Qd5 17. Rac1 O-O 18. Nbd2 Ra7 19. Ne4 Rc8 20. Nfd2 Na6 21. Nc4 Nb4
22. Qb1 Qd8 23. Rfd1 Nd5 24. Qd3 Ngf4 25. Bxf4 Nxf4 26. Qf3 Nd5 27. Ncd6 Bxd6
28. Nxd6 Rcc7 29. Qg3 Ra8 30. Re1 Ne7 31. Qf3 Qf8 32. Re4 Rd8 33. Rg4 Nf5 34.
Nxf5 exf5 35. Qxf5 Qe7 36. h4 g6 37. Qe4 Rd5 38. h5 Qe6 39. hxg6 hxg6 40. Qf4
c5 41. Qf3 Rc6 42. dxc5 Rxe5 43. Rgc4 Rexc5 44. Rxc5 Rxc5 45. Rxc5 Qe1+ 46. Kh2
1/2-1/2

[Event "Druzynowe Mistrzostwa Polski Ekstraliga"]
[Site "Gorzow Wlkp. - Wroclaw - Katowice"]
[Date "1899-12-30"]
[Round "8.19"]
[White "Kryvoruchko, Yuriy"]
[Black "Jakubowski, Krzysztof"]
[Result "1/2-1/2"]
[WhiteTitle "GM"]
[BlackTitle "GM"]
[WhiteElo "2714"]
[BlackElo "2530"]

1. e4 c5 2. Nf3 d6 3. d4 cxd4 4. Nxd4 Nf6 5. Nc3 a6 6. Be3 e6 7. f3 b5 8. Qd2 Nbd7
9. g4 Bb7 10. g5 Nh5 11. a3 Rc8 12. O-O-O g6 13. f4 h6 14. f5 gxf5 15. g6 Qf6
16. gxf7+ Qxf7 17. Bh3 Nhf6 18. exf5 e5 19. Rhe1 Nc5 20. Bg2 Rg8 21. Bxb7 Qxb7
22. Ne6 Nxe6 23. fxe6 b4 24. axb4 Qxb4 25. Qf2 Be7 26. Nd5 Nxd5 27. Qf7+ Kd8 28.
Qxg8+ Kc7 29. Qg3 Qa5 30. Rxd5 Qxd5 31. Qg6 Kb7 32. Bxh6 Qa2 33. Re3 d5 34. Rc3
Qa1+ 35. Kd2 Bb4 36. Qg7+ Ka8 37. Qxe5 Qh1 38. e7 d4 39. e8=Q dxc3+ 40. Ke2 Qg2+
41. Kd3 Qf3+ 42. Be3 Qd1+ 43. Ke4 Qg4+ 44. Bf4 Qe2+ 45. Kf5 Rxe8 46. Qd5+ Ka7
47. Qd7+ Ka8 48. Qc6+ 1/2-1/2

[Event "Druzynowe Mistrzostwa Polski Ekstraliga"]
[Site "Gorzow Wlkp. - Wroclaw - Katowice"]
[Date "1899-12-30"]
[Round "8.20"]
[White "Cvek, Robert"]
[Black "Piorun, Kacper"]
[Result "0-1"]
[WhiteTitle "GM"]
[BlackTitle "GM"]
[WhiteElo "2522"]
[BlackElo "2638"]

1. Nf3 d5 2. d4 Nf6 3. c4 e6 4. g3 Bb4+ 5. Bd2 Bd6 6. Bg2 O-O 7. O-O c6 8. Nc3
Nbd7 9. Bg5 dxc4 10. Nd2 Nb6 11. a4 a5 12. Qc2 Be7 13. e3 Nfd5 14. Bxe7 Qxe7 15.
Nce4 e5 16. Nxc4 Nb4 17. Qe2 Nxc4 18. Qxc4 b6 19. Rfd1 Bg4 20. Rd2 Rad8 21. Nc3
exd4 22. Rxd4 Be6 23. Qe2 Rxd4 24. exd4 Qd7 25. Rd1 Bb3 26. Rd2 Re8 27. Qf1 Nc2
28. Be4 Nxd4 29. Qd3 c5 30. Nb5 Bd5 31. f3 Bxe4 32. fxe4 Nf3+ 33. Kf2 Qxd3 34.
Rxd3 Nxh2 35. Nc7 Ng4+ 36. Kg2 Rb8 37. Rb3 h5 38. Na6 Rd8 39. Rxb6 Rd2+ 40. Kg1
Rd1+ 41. Kg2 Rd2+ 42. Kg1 c4 43. Rb5 f6 44. Nc7 Nf2 45. Rxh5 Rxb2 46. Rc5 Rc2
47. Ne6 Nxe4 48. Rc7 c3 49. Rxg7+ Kh8 0-1

[Event "Druzynowe Mistrzostwa Polski Ekstraliga"]
[Site "Gorzow Wlkp. - Wroclaw - Katowice"]
[Date "1899-12-30"]
[Round "8.21"]
[White "Krasenkow, Michal"]
[Black "Krzyzanowski, Marcin"]
[Result "1-0"]
[WhiteTitle "GM"]
[BlackTitle "IM"]
[WhiteElo "2627"]
[BlackElo "2457"]

1. d4 Nf6 2. c4 g6 3. Nc3 d5 4. cxd5 Nxd5 5. e4 Nxc3 6. bxc3 Bg7 7. Qa4+ Nd7 8.
Nf3 O-O 9. Be2 c5 10. O-O Nb6 11. Qd1 cxd4 12. cxd4 Bg4 13. Be3 Rc8 14. Rb1 Nc4
15. Bxc4 Rxc4 16. Qb3 Rc7 17. Bf4 Rc8 18. d5 Rc3 19. Qxb7 Bxf3 20. gxf3 Rxf3 21.
Bg3 h5 22. Qxa7 f5 23. Rb7 fxe4 24. Rxe7 R3f7 25. Rxf7 Rxf7 26. Qb8 Qxb8 27. Bxb8
Bd4 28. d6 Kf8 29. a4 Ke8 30. a5 Rb7 31. Rd1 Bxf2+ 32. Kxf2 Rxb8 33. d7+ Kd8 34.
a6 Rb6 35. Ra1 Rb8 36. a7 Ra8 37. Ke3 Kxd7 38. Kxe4 h4 39. Kf4 Kc7 40. Kg4 Kb7
41. h3 g5 42. Ra4 Kc7 43. Kxg5 Kb7 44. Kxh4 Rh8+ 45. Kg5 Ka8 46. h4 Rg8+ 47. Kf6
1-0

[Event "Druzynowe Mistrzostwa Polski Ekstraliga"]
[Site "Gorzow Wlkp. - Wroclaw - Katowice"]
[Date "1899-12-30"]
[Round "8.22"]
[White "Polok, Kacper"]
[Black "Heberla, Bartlomiej"]
[Result "0-1"]
[WhiteTitle "FM"]
[BlackTitle "GM"]
[WhiteElo "2280"]
[BlackElo "2580"]

1. e4 c5 2. Nf3 Nc6 3. Bb5 e6 4. O-O Nge7 5. Re1 Nd4 6. Nxd4 cxd4 7. c3 a6 8. Ba4
b5 9. Bb3 Nc6 10. d3 Bc5 11. a4 Bb7 12. Qh5 Qb6 13. axb5 dxc3 14. bxc6 Bxf2+ 15.
Kf1 Bxe1 16. cxd7+ Kf8 17. Kxe1 Qg1+ 18. Ke2 cxb2 19. Bxb2 Qxg2+ 20. Ke3 Qxb2
21. Qc5+ Kg8 22. Qc7 h6 23. d8=Q+ Rxd8 24. Qxd8+ Kh7 25. Qd4 Qxb3 26. Nd2 Qb5
27. Rg1 e5 28. Qd6 Re8 29. Rb1 Qc6 30. Nc4 Ba8 31. Rb6 Qc8 32. Kd2 Qh3 33. Rb8
Qxh2+ 34. Kc3 Rxb8 35. Qxb8 Bc6 36. Qc7 Bb5 37. Qxf7 Qg1 38. Qf5+ Qg6 39. Qxe5
Qf6 40. Qxf6 gxf6 41. d4 h5 42. Nd2 Kg6 43. Nf3 Be2 44. Nh4+ Kg5 45. e5 fxe5 46.
Ng2 Bf3 47. Ne1 e4 48. d5 h4 49. d6 Kf6 50. Nc2 h3 51. Nd4 h2 0-1

[Event "Druzynowe Mistrzostwa Polski Ekstraliga"]
[Site "Gorzow Wlkp. - Wroclaw - Katowice"]
[Date "1899-12-30"]
[Round "8.23"]
[White "Kanarek, Marcel"]
[Black "Orzechowski, Jacek"]
[Result "1/2-1/2"]
[WhiteTitle "GM"]
[BlackTitle "m"]
[WhiteElo "2519"]
[BlackElo "2087"]

1. d4 Nf6 2. c4 c5 3. d5 g6 4. Nc3 Bg7 5. Nf3 d6 6. h3 O-O 7. e4 e6 8. Bd3 Na6
9. O-O e5 10. Bg5 h6 11. Be3 Nh7 12. Qd2 f5 13. Bxh6 f4 14. Bxg7 Kxg7 15. Rfe1
Ng5 16. Nxg5 Qxg5 17. Kf1 Qh5 18. f3 Bxh3 19. Qf2 Bd7 20. Ke2 Rh8 21. a3 Qg5 22.
Rh1 Nc7 23. b4 b6 24. Bc2 Na6 25. Na2 Rxh1 26. Rxh1 Rh8 27. Rxh8 Kxh8 28. Bd3
Kg7 29. Kd2 Qd8 30. Kc3 g5 31. Nc1 Qc7 32. b5 Nb8 33. g4 a6 34. a4 Qd8 35. Kd4
1/2-1/2

[Event "Druzynowe Mistrzostwa Polski Ekstraliga"]
[Site "Gorzow Wlkp. - Wroclaw - Katowice"]
[Date "1899-12-30"]
[Round "8.24"]
[White "Zemlickova, Olena"]
[Black "Zawadzka, Beata"]
[Result "1/2-1/2"]
[WhiteTitle "WIM"]
[BlackTitle "WGM"]
[WhiteElo "2066"]
[BlackElo "2324"]

1. d4 f5 2. c4 Nf6 3. g3 g6 4. Bg2 Bg7 5. Nc3 O-O 6. Nh3 e6 7. O-O d6 8. Qb3 c6
9. Rd1 Qe7 10. Qa3 Re8 11. f4 Nbd7 12. b3 a5 13. Nf2 e5 14. dxe5 dxe5 15. Qxe7
Rxe7 16. fxe5 Nxe5 17. Rd8+ Re8 18. Rxe8+ Nxe8 19. Bb2 Be6 20. Rd1 a4 21. Nxa4
Nxc4 22. Bxg7 Nxg7 23. Nc5 Ne3 24. Rd2 Nxg2 25. Nxe6 Nxe6 26. Kxg2 Kf8 27. e4
fxe4 28. Nxe4 Ke7 29. Re2 Ra5 30. Rd2 Rd5 31. Rb2 1/2-1/2

[Event "Druzynowe Mistrzostwa Polski Ekstraliga"]
[Site "Gorzow Wlkp. - Wroclaw - Katowice"]
[Date "1899-12-30"]
[Round "8.25"]
[White "Klekowski, Maciej"]
[Black "Bartel, Mateusz"]
[Result "1-0"]
[WhiteTitle "IM"]
[BlackTitle "GM"]
[WhiteElo "2473"]
[BlackElo "2637"]

1. c4 e6 2. Nc3 b6 3. d4 Bb4 4. e4 Bb7 5. f3 f5 6. exf5 exf5 7. Bd3 Qh4+ 8. Kf1
Nc6 9. g3 Qh5 10. d5 Nce7 11. Nb5 Rc8 12. Nxa7 Rd8 13. a3 Bc5 14. b4 Bd4 15. Ra2
c6 16. Be2 Bxg1 17. Kxg1 Nf6 18. d6 Ng6 19. f4 Qh6 20. Bf3 O-O 21. Kg2 Nh8 22.
c5 Nf7 23. Nb5 bxc5 24. bxc5 Ba6 25. Nc7 Bc4 26. Rb2 Ne4 27. Qd4 Be6 28. Re1 g5
29. Bxe4 fxe4 30. Nxe6 Qxe6 31. Rxe4 Qg6 32. Rbe2 Qg7 33. Qd2 gxf4 34. Rxf4 Rde8
35. Bb2 Qg5 36. Bf6 Rxe2+ 37. Qxe2 Qd5+ 38. Qe4 Qd2+ 39. Kh3 Nh6 1-0

[Event "Druzynowe Mistrzostwa Polski Ekstraliga"]
[Site "Gorzow Wlkp. - Wroclaw - Katowice"]
[Date "1899-12-30"]
[Round "8.26"]
[White "Mastrovasilis, Dimitrios"]
[Black "Matuszewski, Michal"]
[Result "1/2-1/2"]
[WhiteTitle "GM"]
[BlackTitle "IM"]
[WhiteElo "2580"]
[BlackElo "2485"]

1. e4 c5 2. Nf3 a6 3. c4 e6 4. Nc3 Nc6 5. d4 cxd4 6. Nxd4 Qc7 7. Be2 Nf6 8. O-O
Bb4 9. Nxc6 dxc6 10. Qc2 O-O 11. Be3 Bxc3 12. bxc3 e5 13. c5 Be6 14. Qa4 h6 15.
Rfd1 Rfd8 16. f3 Kh7 17. Qb4 Rd7 18. Rxd7 Nxd7 19. Rd1 Rb8 20. Rd2 Kg8 21. Kf2
Kh7 22. Bf1 Re8 23. Rb2 Rb8 24. Rd2 Re8 25. Rb2 Rb8 26. Kg1 Kg8 27. Rd2 Kh7 28.
Be2 Re8 29. Rb2 Rb8 30. Bf2 Kg8 31. Rd2 Kh7 32. h3 Re8 33. Rb2 Rb8 34. Kh1 Kg8
35. Rd2 Kh7 36. Bf1 Re8 37. Rb2 Rb8 38. Rd2 Re8 39. Rb2 Rb8 40. Kh2 Kg8 41. Kg1
Kh7 42. Kh1 Kg8 43. Rd2 Re8 44. Rb2 1/2-1/2

[Event "Druzynowe Mistrzostwa Polski Ekstraliga"]
[Site "Gorzow Wlkp. - Wroclaw - Katowice"]
[Date "1899-12-30"]
[Round "8.27"]
[White "Leniart, Arkadiusz"]
[Black "Sadzikowski, Daniel"]
[Result "0-1"]
[WhiteTitle "IM"]
[BlackTitle "IM"]
[WhiteElo "2479"]
[BlackElo "2548"]

1. d4 Nf6 2. c4 e6 3. Nf3 b6 4. g3 Bb7 5. Bg2 Bb4+ 6. Bd2 a5 7. O-O O-O 8. a3 Bxd2
9. Nbxd2 c5 10. Re1 d5 11. Rc1 Nbd7 12. e3 Qb8 13. cxd5 exd5 14. Nb1 Ne4 15. Nc3
Nxc3 16. Rxc3 c4 17. a4 b5 18. axb5 a4 19. Nd2 Nb6 20. e4 Qe8 21. exd5 Qxb5 22.
Qc2 Rfe8 23. Rce3 Rxe3 24. fxe3 Bxd5 25. e4 Bb7 26. Qc3 f5 27. exf5 Bxg2 28. Kxg2
Qxf5 29. Re5 Qd7 30. Nf3 Rf8 31. Qe3 Qf7 32. Qe4 h6 33. Rb5 Nc8 34. Rb8 c3 35.
bxc3 a3 36. Ra8 Qb3 37. d5 Qxc3 38. Qe6+ Kh7 39. Qe4+ Kg8 40. Qe6+ Kh8 41. Ne5
Qc2+ 42. Kh3 Kh7 43. d6 Rf2 44. Ng4 Rf5 45. Kh4 Qc5 46. Ne3 Rh5+ 47. Kg4 Rg5+
48. Kh3 Rh5+ 49. Kg4 Re5 50. Qxc8 Qd4+ 51. Kh3 Rh5+ 52. Kg2 Qe4+ 53. Kg1 Qxe3+
54. Kf1 Qf3+ 55. Kg1 Qd1+ 56. Kg2 Qe2+ 57. Kg1 Qxh2+ 58. Kf1 Qh1+ 59. Kf2 Rh2+
60. Ke3 Qe1+ 61. Kf3 Rf2+ 62. Kg4 Qe2+ 0-1

[Event "Druzynowe Mistrzostwa Polski Ekstraliga"]
[Site "Gorzow Wlkp. - Wroclaw - Katowice"]
[Date "1899-12-30"]
[Round "8.28"]
[White "Moranda, Wojciech"]
[Black "Mikrut, Dariusz"]
[Result "1-0"]
[WhiteTitle "GM"]
[BlackTitle "IM"]
[WhiteElo "2595"]
[BlackElo "2406"]

1. d4 Nf6 2. c4 g6 3. Nc3 Bg7 4. e4 d6 5. Nf3 O-O 6. Be2 e5 7. O-O Na6 8. Be3 Ng4
9. Bg5 Qe8 10. dxe5 dxe5 11. Qc1 c6 12. Rd1 Nf6 13. h3 Nc5 14. Qe3 Ne6 15. Bh6
Bxh6 16. Qxh6 Qe7 17. Nxe5 Nc5 18. Nf3 Nfxe4 19. Nxe4 Nxe4 20. Rd4 f5 21. Bd3
Nc5 22. Re1 Ne6 23. Bc2 a5 24. Re5 Qc7 25. Rd1 Bd7 26. c5 Rae8 27. Bb3 Re7 28.
Rd6 Rf6 29. Ng5 1-0